000
00237nam a2200097Ia 4500
005
20251222154403.0
008
251222s9999||||xx |||||||||||||| ||spa||
082
_a
REF.985.008/C76/T.VII/V.II
245
0
_a
La marina: 1780-1822
942
_c
LIB
999
_c
35360
_d
35360